00510nam a2200157 a 450000100060000000300090000600800410001504000280005608200200008424500580010424600750016226000250023730000360026249000210029865000330031923493CO-ViMGA141112s2004 ck r 000 u spa d aCO-ViMGAbspacCO-ViMGA04aAv778.5347 B15810aBalto : bLa leyenda del perro jasky (Videograbacion) aAladino y su lampara maravillosa \ Popeye encuentra a Simbad el marino aColombia : bJenymar a1 Cd - Rom (60 min.) son., col. aCuentos clasicos14aDibujos animados - Peliculas